Crossing the divide (Record no. 73000)

MARC details
000 -LEADER
fixed length control field 01409cam a2200241 4500
001 - CONTROL NUMBER
control field ABS66780
008 - FIXED-LENGTH DATA ELEMENTS--GENERAL INFORMATION
fixed length control field 030704n2003 000 0 eng u
035 ## - SYSTEM CONTROL NUMBER
System control number (Sirsi) u122930
100 ## - MAIN ENTRY--PERSONAL NAME
Personal name Baker, C.
245 ## - TITLE STATEMENT
Title Crossing the divide
260 ## - PUBLICATION, DISTRIBUTION, ETC.
Date of publication, distribution, etc. 2003
490 ## - SERIES STATEMENT
Series statement Law Society's Gazette
Volume/sequential designation (100) 22 May 2003, 20-21(2)
520 ## - SUMMARY, ETC.
Summary, etc. Examines the issue of corporate social responsibility. Suggests that for many people and organisations the term has different meanings. Across Europe there is the emerging concept of the social audit where an organisations ethical activities are open to public scrutiny. Companies going into new areas of activity such as the markets of Eastern Europe would be advised to be aware of such practices. However difficulties can arise when importing skills to a local population as it could be interpreted as a form of imperialism. Argues that this is not really true as new skills can be hugely beneficial to the local economy. An example of this is in the oil boom in northern England in the late 1970s and early 1980s where knowledge imported from the United States greatly increased local knowledge.
590 ## - LOCAL NOTE (RLIN)
Local note ABS
650 ## - SUBJECT ADDED ENTRY--TOPICAL TERM
Topical term or geographic name entry element SOCIAL RESPONSIBILITY
650 ## - SUBJECT ADDED ENTRY--TOPICAL TERM
Topical term or geographic name entry element CORPORATE SOCIAL RESPONSIBILITY
650 ## - SUBJECT ADDED ENTRY--TOPICAL TERM
Topical term or geographic name entry element SOCIAL AUDITS
650 ## - SUBJECT ADDED ENTRY--TOPICAL TERM
Topical term or geographic name entry element LOCAL ECONOMY
650 ## - SUBJECT ADDED ENTRY--TOPICAL TERM
Topical term or geographic name entry element EUROPE
650 ## - SUBJECT ADDED ENTRY--TOPICAL TERM
Topical term or geographic name entry element LAW SOCIETY
690 ## - LOCAL SUBJECT ADDED ENTRY--TOPICAL TERM (OCLC, RLIN)
Topical term or geographic name as entry element MANAGEMENT-BUSINESS MANAGEMENT
942 ## - ADDED ENTRY ELEMENTS (KOHA)
Suppress in OPAC 0
Holdings
Withdrawn status Lost status Source of classification or shelving scheme Damaged status Not for loan Home library Current library Shelving location Date acquired Total Checkouts Full call number Barcode Date last seen Copy number Price effective from Koha item type
    Dewey Decimal Classification     London London Journal article 04/07/2003   ABS66780 122930-1001 06/08/2019 1 06/08/2019 Journal article